The role of nitric oxide in the physiology and pathophysiology of the exocrine pancreas

Elmentve itt :
Bibliográfiai részletek
Szerzők: Hegyi Péter
Rakonczay Zoltán, ifj
Dokumentumtípus: Cikk
Megjelent: Mary Ann Liebert Inc. 2011
Sorozat:Antioxidants & Redox Signaling 15 No. 10
doi:10.1089/ars.2011.4063

mtmt:1613536
Online Access:http://publicatio.bibl.u-szeged.hu/819
LEADER 00746nab a2200205 i 4500
001 publ819
005 20180720140751.0
008 120604s2011 hu o 0|| zxx d
022 |a 1523-0864 
024 7 |a 10.1089/ars.2011.4063  |2 doi 
024 7 |a 1613536  |2 mtmt 
040 |a SZTE Publicatio Repozitórium  |b hun 
041 |a zxx 
100 1 |a Hegyi Péter 
245 1 4 |a The role of nitric oxide in the physiology and pathophysiology of the exocrine pancreas  |h [elektronikus dokumentum] /  |c  Hegyi Péter 
260 |a Mary Ann Liebert Inc.  |c 2011 
300 |a 2723-2741 
490 0 |a Antioxidants & Redox Signaling  |v 15 No. 10 
700 0 1 |a Rakonczay Zoltán, ifj.  |e aut 
856 4 0 |u http://publicatio.bibl.u-szeged.hu/819/1/hegyi-ars-2011.pdf  |z Dokumentum-elérés